Un poliamore così grande : perché non c'è un solo modo di amare /

Davvero quello romantico è un amore superiore a tutti gli altri? Davvero si può essere felici solo in due, nella promessa di un per sempre? E che dire di tutte quelle realtà alternative che non trovano posto in questa narrazione? In queste pagine potrai affacciarti a una nuova prospettiva sulle rela...

Descripció completa

Guardat en:
Dades bibliogràfiques
Autor principal: Piras, Dania
Format: Llibre
Idioma:italià
Publicat: Milano : Sonda, 2023
Matèries:
Etiquetes: Afegir etiqueta
Sense etiquetes, Sigues el primer a etiquetar aquest registre!

MARC

LEADER 00000nam a22000007i 4500
001 IT\ICCU\TO1\0043886
003 ItRI
005 20260115232139.0
008 230608s2023 it |||||| ||||| |||||c
020 |a 9788872241981 
040 |b ita  |c importazione bologna sebina 
041 7 |a ita  |2 ISO-639-2 
082 |a 155.3  |9 PSICOLOGIA DEL SESSO E DEI SESSI  |2 23 
100 1 |a Piras, Dania  |0 IT\ICCU\TO1V\005764 
240 1 3 |a Un poliamore così grande  |3 IT\ICCU\TO1\0043918  |9 Piras, Dania 
245 1 3 |a Un poliamore così grande :  |b perché non c'è un solo modo di amare /  |c Dania Piras. 
260 |a Milano :  |b Sonda,  |c 2023 
300 |a 192 p. ;  |c 21 cm 
520 |a Davvero quello romantico è un amore superiore a tutti gli altri? Davvero si può essere felici solo in due, nella promessa di un per sempre? E che dire di tutte quelle realtà alternative che non trovano posto in questa narrazione? In queste pagine potrai affacciarti a una nuova prospettiva sulle relazioni, mettendo in discussione le certezze su tutto ciò che come individui parte di una società abbiamo appreso rispetto ai legami e ai sentimenti. Insieme all'autrice scoprirai come la realtà delle non monogamie consensuali non riguarda solo chi pratica il poliamore, ma può risultare utile per ogni persona che si stia interrogando sul tema delle relazioni. Questo libro ci insegna che si può amare più di una persona contemporaneamente nella trasparenza, nel rispetto e nella consapevolezza di tutte le persone coinvolte. 
650 7 |a Sesso  |x Sociologia 
942 |2 ddc  |c BK  |n 0 
952 |0 0  |1 0  |4 0  |6 DOC_392_600000000000000_PIR  |7 0  |9 20851  |a BO  |b BO  |d 2026-01-15  |i 20231  |l 0  |o DOC 392.6 PIR  |p BO20231  |r 2026-01-15 23:21:39  |w 2026-01-15  |x [Sebina 5] [1 v.]  |y BK  |z 1 v. 
999 |c 17813  |d 17813